000 01153nam a22002537a 4500
005 20090825120337.0
008 090728t xxu||||| |||| 00| 0 pun d
010 _aPUN-6488
020 _a9788171165469
_c200.00
035 _aPN-5606
037 _bDBAD / PUB
040 _adpl
_bpn
082 _a851
100 _924414
_aਮਾਂਗਟ, ਹਰਭਜਨ ਸਿੰਘ
245 _aਦਸਤਕ ਗ਼ਜ਼ਲਾਂ ਦੀ /
_cਹਰਭਜਨ ਸਿੰਘ ਮਾਂਗਟ
246 _aDastak ghazlan dee
_bby Harbhajan Singh mangat
260 _aਦਿੱਲੀ
_bਨੈਸ਼ਨਲ ਬੁੱਕ ਸ਼ਾਪ
_c2010
270 _aਪਲੱਈਅਰ ਗਾਰਡਨ ਮਾਰਕਿਟ, ਚਾਂਦਨੀ ਚੋਕ,
_bਦਿੱਲੀ
_k011-23264342, 64529291
_mnbs-bookshop@rediff mail.com.
_e110 006
300 4 _a120 ਸਫੇ
_c22 ਸੇਮੀ (ਸਜਿਲੱਦ)
650 _924412
_aਕਵਿਤਾਵਾਂ
650 _aPoem
_924431
942 _2ddc
_cPN
_h851
_mਮਾਂਗਟ
999 _c48731
_d48731